<?xml version="1.0" encoding="UTF-8"?>
<collection xmlns="http://www.loc.gov/MARC21/slim">
 <record>
  <leader>01566nam a2200205Ia 4500</leader>
  <controlfield tag="001">CTU_121003</controlfield>
  <controlfield tag="008">210402s9999    xx            000 0 und d</controlfield>
  <datafield tag="020" ind1=" " ind2=" ">
   <subfield code="c">85000</subfield>
  </datafield>
  <datafield tag="082" ind1=" " ind2=" ">
   <subfield code="a">342.041</subfield>
  </datafield>
  <datafield tag="082" ind1=" " ind2=" ">
   <subfield code="b">D513</subfield>
  </datafield>
  <datafield tag="100" ind1=" " ind2=" ">
   <subfield code="a">Nguyễn, Đăng Dung</subfield>
  </datafield>
  <datafield tag="245" ind1=" " ind2="0">
   <subfield code="a">Nhà nước và trách nhiệm của nhà nước</subfield>
  </datafield>
  <datafield tag="245" ind1=" " ind2="0">
   <subfield code="c">Nguyễn Đăng Dung</subfield>
  </datafield>
  <datafield tag="260" ind1=" " ind2=" ">
   <subfield code="a">Hà Nội</subfield>
  </datafield>
  <datafield tag="260" ind1=" " ind2=" ">
   <subfield code="b">Tư pháp</subfield>
  </datafield>
  <datafield tag="260" ind1=" " ind2=" ">
   <subfield code="c">2006</subfield>
  </datafield>
  <datafield tag="520" ind1=" " ind2=" ">
   <subfield code="a">Về nguyên tắc, hiện nay muốn tồn tại mọi nhà nước đều phải là nhà nước dân chủ, quyền lực nhà nước thuộc về nhân dân, mặc dù có thể là thực chất hoặc hình thức. Sự hiện diện khách quan của nhà nước đại diện buộc nhà nước phải chịu trách nhiệm một cách rõ ràng, thì cách thức tổ chức các nhà nước phải hết sức đơn giản. Chính sự đơn giản này là lý do buộc nhà nước phải tổ chức thành những cơ cấu đơn giản, trong đó mỗi cơ cấu lại phải chịu trách nhiệm về những hành vi của mình. Đó là mong muốn của tác giả được trình bày thông qua nội dung của cuốn sách này: &quot;Nhà nước và trách nhiệm của nhà nước&quot;</subfield>
  </datafield>
  <datafield tag="650" ind1=" " ind2=" ">
   <subfield code="a">Administrative law,Constitutional law</subfield>
  </datafield>
  <datafield tag="904" ind1=" " ind2=" ">
   <subfield code="i">Hiếu</subfield>
  </datafield>
  <datafield tag="980" ind1=" " ind2=" ">
   <subfield code="a">Trung tâm Học liệu Trường Đại học Cần Thơ</subfield>
  </datafield>
 </record>
</collection>
